000 00416nam a2200169Ia 4500
008 090711s9999 xx 000 0 und d
082 _b52151
100 _aहरकारे अरुण
245 _aकसब
260 _c1986
300 _a188
600 _aहरकारे अरुण
630 _aकसब
700 _aहरकारे अरुण
730 _aकसब
942 _cBOOK
999 _c301801
_d301801